书目信息 |
| 题名: |
选才的66条黄金法则
|
|
| 作者: | 文光 , 宁川 编 | |
| 分册: | ||
| 出版信息: | 北京 中央编译出版社 2005.01 |
|
| 页数: | 220页 | |
| 开本: | 24cm | |
| 丛书名: | 黄金法则书系 | |
| 单 册: | ||
| 中图分类: | C961 , C962 | |
| 科图分类: | ||
| 主题词: | 人才--选择 , 人才--管理 | |
| 电子资源: | ||
| ISBN: | 7-80211-044-0 | |
| 000 | 00929nam 2200325 450 | |
| 001 | CAL 012005016810 | |
| 005 | 20050617164606.02 | |
| 010 | @a7-80211-044-0@d25.00CNY | |
| 099 | @aCAL 012005016810 | |
| 100 | @a20050304d2005 ekmy0chiy0121 ea | |
| 101 | 0 | @achi |
| 102 | @aCN@b110000 | |
| 105 | @ay z 000yy | |
| 200 | 1 | @a选才的66条黄金法则@Axuan cai de 66 tiao huang jin fa ze@d= 66 gold rules@f文光, 宁川编@zeng |
| 210 | @a北京@c中央编译出版社@d2005.01 | |
| 215 | @a220页@d24cm | |
| 225 | 2 | @a黄金法则书系 |
| 410 | 0 | @12001 @a黄金法则书系 |
| 461 | 0 | @12001 @a黄金法则书系 |
| 510 | 1 | @a66 gold rules@zeng |
| 606 | 0 | @a人才@x选择 |
| 606 | 0 | @a人才@x管理 |
| 690 | @aC961@v4 | |
| 690 | @aC962@v3 | |
| 701 | 0 | @a文光@Awen guang@4编 |
| 701 | 0 | @a宁川@Aning chuan@4编 |
| 801 | 0 | @aCN@bZZU@c20050617 |
| 905 | @a10447@dC962@eW629 | |
| 906 | @b黄河水利职业技术学院图书馆@dCNY 25.00@n5@r1 | |
| 998 | @aZZU | |
| 选才的66条黄金法则= 66 gold rules/文光, 宁川编.-北京:中央编译出版社,2005.01 |
| 220页;24cm.-(黄金法则书系) |
| ISBN 7-80211-044-0:25.00CNY |
| ● |
| 相关链接 |
|
|
|
正题名:选才的66条黄金法则
索取号:C962/W629
 
预约/预借
| 序号 | 登录号 | 条形码 | 馆藏地/架位号 | 状态 | 备注 |
| 1 | 534293 | 205342930 | 社科库509/509社科库 66排6列4层/ [索取号:C962/W629] | 在馆 | |
| 2 | 534294 | 205342949 | 社科库509/509社科库 66排6列4层/ [索取号:C962/W629] | 在馆 | |
| 3 | 534295 | 205342958 | 社科库509/509社科库 66排6列4层/ [索取号:C962/W629] | 在馆 | |
| 4 | 534296 | 205342967 | 社科库509/509社科库 66排6列4层/ [索取号:C962/W629] | 在馆 | |
| 5 | 534297 | 205342976 | 社科库509/509社科库 66排6列4层/ [索取号:C962/W629] | 在馆 | |
| 6 | 536395 | 205363952 | 社科库509/509社科库 66排6列6层/ [索取号:C962/W629] | 在馆 | |
| 7 | 536396 | 205363961 | 社科库509/509社科库 66排6列6层/ [索取号:C962/W629] | 在馆 | |
| 8 | 536397 | 205363970 | 社科库509/509社科库 66排6列6层/ [索取号:C962/W629] | 在馆 | |
| 9 | 536398 | 205363989 | 社科库509/509社科库 66排6列6层/ [索取号:C962/W629] | 在馆 | |
| 10 | 536399 | 205363998 | 社科库509/509社科库 66排6列6层/ [索取号:C962/W629] | 在馆 |